Loading...
| Literature - European | 0 | 6 | 0 | 0 | 60 | 73 | 97.33 | 2 | 6 | 0.00 | 0.00 |
| Literature - World | 0 | 4 | 0 | 1 | 40 | 66 | 91.25 | 1 | 3 | 0.00 | 0.00 |
| Literature - American | 0 | 4 | 1 | 0 | 35 | 83 | 91.25 | 3 | 4 | 0.00 | 0.00 |
| Religion | 0 | 3 | 0 | 1 | 30 | 56 | 85.67 | 2 | 3 | 0.00 | 0.00 |
| Science - Chemistry | 0 | 3 | 0 | 1 | 30 | 120 | 128.00 | 0 | 3 | 0.00 | 0.00 |
| Literature - British | 0 | 4 | 3 | 1 | 25 | 99 | 118.75 | 0 | 2 | 0.00 | 0.00 |
| Social Science | 0 | 2 | 0 | 0 | 20 | 95 | 111.50 | 0 | 1 | 0.00 | 0.00 |
| History - World | 0 | 2 | 0 | 0 | 20 | 62 | 88.00 | 1 | 2 | 0.00 | 0.00 |
| Mythology | 0 | 2 | 1 | 0 | 15 | 86 | 99.00 | 1 | 2 | 0.00 | 0.00 |
| Science - Biology | 0 | 1 | 0 | 0 | 10 | 94 | 94.00 | 1 | 1 | 0.00 | 0.00 |
| History - Other | 0 | 1 | 0 | 0 | 10 | 65 | 65.00 | 0 | 1 | 0.00 | 0.00 |
| Science - Other | 0 | 1 | 0 | 1 | 10 | 122 | 122.00 | 0 | 0 | 0.00 | 0.00 |
| History - American | 0 | 1 | 0 | 0 | 10 | 94 | 94.00 | 0 | 1 | 0.00 | 0.00 |